000 00313 a2200109 4500
001 ART_10102
005 20260410161847.0
008 260409a
245 1 0 _aLa posición monetaria neta
100 1 _aOlivera, Julio H.G.
773 0 _tEconómica
_g- Año XIV, Nº 1/2 (ene./ago. 1968)
_wREV7541
999 _c24695
_d24695